000 00371 a2200157 4500
001 153361
040 _cEscola São Tomás de Aquino
100 _aPAES, José Paulo
240 1 0 _aEm tempo escuro, a palavra (a) clara
_lpor
245 1 0 _aEm tempo escuro, a palavra (a) clara
300 _a91
362 0 _a2007
440 1 _aGlobal
697 _aPoesia
942 _cBK
999 _c153361
_d153361